Cvičení z obecné zoologie. 1 Mikroskopie a buňka /

Uložené v:
Podrobná bibliografia
Hlavný autor: Paleček, Jiří, 1942-2003 (Author)
Médium: Kniha
Jazyk:Czech
Vydané: Praha : Státní pedagogické nakladatelství, 1987.
Vydanie:1. vyd.
ISBN: (brož.)
Fyzický popis: 141 s.
Tagy: Pridať tag
Žiadne tagy, Buďte prvý kto otaguje tento záznam!

MARC

LEADER 00000nam a2200000 a 4500
001 000386708
005 20120623084931.0
008 010723e1987 xr cze d
020 |a (brož.)  |c kčs 8,50 
040 |a SVKKK  |b slo  |c SVKKK  |e AACR2 
041 0 |a cze 
044 |a xr  |c CZ 
100 1 |a Paleček, Jiří,  |d 1942-2003  |4 aut 
245 1 0 |a Cvičení z obecné zoologie.  |n 1  |p Mikroskopie a buňka /  |c Jiří Paleček. 
246 3 0 |a Mikroskopie a buňka 
250 |a 1. vyd. 
260 |a Praha :  |b Státní pedagogické nakladatelství,  |c 1987. 
300 |a 141 s. 
500 |a Skriptá: Univerzita Karlova. Přírodovědecká fakulta (Praha) 
910 |a svkkk 
998 |a BK 
090 |g SCKHL  |k Sklad Pribinova 3. posch.  |a V.142116  |j 753861  |i 2720975884  |s Povinný výt. 
090 |g SCKHL  |k Sklad Pribinova 3. posch.  |a V.161277  |j 756936  |i B241985  |4 Multiplikát  |s Vyradená 
090 |g SCKHL  |k Sklad Pribinova 3. posch.  |a V.161278  |j 756937  |i B241986  |4 Multiplikát  |s Vyradená